Statystyki dla Ulice Gminy Halinów

Kliknij tutaj aby rozwiązać quiz!

Ogólne statystyki

  • Ten quiz został rozwiązany 14 razy
  • Średni wynik to 53 z 379

Statystyki odpowiedzi

HintOdpowiedź% Poprawnych
Długa Szlachecka | Halinów | Hipolitów | OkuniewWarszawska
83%
OkuniewDługa
75%
HalinówJana Pawła II
75%
HalinówPiłsudskiego
75%
Halinów | OkuniewKrótka
67%
Długa Szlachecka | Hipolitów | OkuniewLeśna
67%
Długa SzlacheckaAdama Mickiewicza
58%
Długa Kościelna | OkuniewPolna
58%
HalinówSłowackiego
58%
CisieGłówna
50%
Halinów | HipolitówKolejowa
50%
Okuniew | Wielgolas BrzezińskiKościelna
50%
HalinówMickiewicza
50%
Halinów | OkuniewSzkolna
50%
Hipolitów | OkuniewAkacjowa
42%
Wielgolas BrzezińskiBolesława Chrobrego
42%
Brzeziny | CisieMazowiecka
42%
HalinówOkuniewska
42%
BudziskaOrla
42%
Długa Kościelna | KazimierówRóżana
42%
CisieZłota
42%
Halinów3 Maja
33%
HipolitówBrzozowa
33%
Halinów | Hipolitów | JózefinDąbrowskiego
33%
Nowy KonikDębowa
33%
HalinówFryderyka Chopina
33%
Długa SzlacheckaHenryka Dąbrowskiego
33%
Wielgolas BrzezińskiKazimierza Wielkiego
33%
OkuniewLipowa
33%
HalinówMała
33%
Wielgolas BrzezińskiMieszka I
33%
OkuniewOgrodowa
33%
HalinówPaderewskiego
33%
Halinów | OkuniewParkowa
33%
Długa KościelnaPiękna
33%
Długa SzlacheckaPrymasa Stefana Wyszyńskiego
33%
OkuniewRynek
33%
HalinówSienkiewicza
33%
Długa Kościelna | Halinów | OkuniewSłoneczna
33%
Hipolitów | OkuniewSosnowa
33%
CisieWiejska
33%
ZagórzeWilcza
33%
HalinówZielona
33%
Okuniew1 Maja
25%
HalinówBema
25%
HalinówCicha
25%
OkuniewCmentarna
25%
Wielgolas BrzezińskiFiołkowa
25%
JózefinIrysowa
25%
JózefinJasna
25%
HipolitówJózefa Poniatowskiego
25%
Halinów | OkuniewKonopnickiej
25%
HalinówKościuszki
25%
JózefinKrólewska
25%
Wielgolas BrzezińskiKrólowej Jadwigi
25%
BudziskaKrucza
25%
OkuniewKwiatowa
25%
Wielgolas BrzezińskiLiliowa
25%
GrabinaMarii Konopnickiej
25%
JózefinNowa
25%
Długa Kościelna | HalinówPowstania styczniowego
25%
OkuniewProsta
25%
Długa KościelnaSpacerowa
25%
Halinów | OkuniewSpółdzielcza
25%
CisieSrebrna
25%
HipolitówŚwierkowa
25%
Długa Kościelna | OkuniewWesoła
25%
Wielgolas BrzezińskiWładysława Jagiełły
25%
HipolitówZygmunta Krasińskiego
25%
Długa KościelnaAdama Asnyka
17%
KazimierówAnanasowa
17%
HipolitówBukowa
17%
CisieBursztynowa
17%
JózefinChabrowa
17%
GrabinaCynamonowa
17%
KazimierówCytrynowa
17%
CisieDiamentowa
17%
MrowiskaGórska
17%
BrzezinyGrzybowa
17%
HipolitówHipolitowska
17%
Długa SzlacheckaJana Matejki
17%
HipolitówJarzębinowa
17%
Długa KościelnaJaśminowa
17%
HipolitówJodłowa
17%
JózefinKalinowa
17%
Długa KościelnaKochanowskiego
17%
Długa SzlacheckaKsiędza Jerzego Popiełuszki
17%
HalinówKubusia Puchatka
17%
Długa KościelnaŁadna
17%
CisieLazurowa
17%
Nowy KonikŁowicka
17%
Wielgolas BrzezińskiMakowa
17%
HalinówMalinowa
17%
CisieMiedziana
17%
JózefinMiła
17%
OkuniewMiodowa
17%
HipolitówModrzewiowa
17%
OkuniewMokra
17%
Cisie | ŻwirówkaMostowa
17%
KazimierówOrzechowa
17%
Wielgolas Brzeziński | Wielgolas DuchnowskiPiastowska
17%
KazimierówPomarańczowa
17%
HalinówPrusa
17%
HalinówPułaskiego
17%
CisieRadosna
17%
JózefinRumiankowa
17%
OkuniewSadowa
17%
CisieSezamkowa
17%
CisieSkrajna
17%
KazimierówŚliwkowa
17%
KrzewinaSłonecznikowa
17%
Długa KościelnaSpokojna
17%
HalinówStefana Żeromskiego
17%
Długa KościelnaSzczęśliwa
17%
CisieSzmaragdowa
17%
CisieTęczowa
17%
HipolitówTopolowa
17%
KazimierówTruskawkowa
17%
HipolitówWierzbowa
17%
KazimierówWiśniowa
17%
Długa KościelnaZbigniewa Herberta
17%
Długa SzlacheckaŻelazna
17%
OkuniewZeusa
17%
CisieŻwirowa
17%
KazimierówAgrestowa
8%
BrzezinyAleksandra Świętochowskiego
8%
OkuniewAteny
8%
Długa SzlacheckaBajkowa
8%
Długa Szlachecka | HalinówBaśniowa
8%
JózefinBażantów
8%
BudziskaBociana
8%
Długa SzlacheckaBonifacego
8%
Nowy KonikBrzezińska
8%
Długa KościelnaChojniak
8%
HipolitówCisowa
8%
CisieCisowy dwór
8%
CisieCyrkonii
8%
OkuniewCzeremchy
8%
HipolitówDereniowa
8%
OkuniewDolna
8%
OkuniewDziałkowa
8%
Długa SzlacheckaFilemona
8%
OkuniewGórna
8%
GrabinaGrabińska
8%
HipolitówGrabowa
8%
HalinówGraniczna
8%
KazimierówGruszkowa
8%
GrabinaImbirowa
8%
Wielgolas DuchnowskiInżynierska
8%
OkuniewJabłoniowa
8%
KazimierówJagodowa
8%
BudziskaJastrzębia
8%
HipolitówJaworowa
8%
JózefinJózefa Czumy
8%
HipolitówKasztanowa
8%
ZagórzeKawki
8%
HipolitówKlonowa
8%
Wielgolas BrzezińskiKonwaliowa
8%
CisieKoralowa
8%
OkuniewKoszykowa
8%
OkuniewKozacka
8%
CisieKryształowa
8%
CisieKrzemowa
8%
Wielgolas BrzezińskiKsięcia Janusza
8%
Długa Szlachecka | Hipolitów | OkuniewŁąkowa
8%
HipolitówMajowa
8%
HalinówMikołaja Reja
8%
ZagórzeNiedźwiedzia
8%
Wielgolas BrzezińskiNiezapominajki
8%
JózefinPańska
8%
HalinówPartyzancka
8%
CisiePlatynowa
8%
Nowy KonikPłocka
8%
Nowy KonikPodgórna
8%
Nowy KonikPodleśna
8%
OkuniewPoligonowa
8%
JózefinPolnych kwiatów
8%
KazimierówPoziomkowa
8%
BudziskaPtasia
8%
OkuniewPułtuska
8%
Długa KościelnaRajska
8%
CisieRubinowa
8%
OkuniewRycerza Okunia
8%
Długa SzlacheckaŚnieżki
8%
BudziskaSokoła
8%
OkuniewSpartańska
8%
Wielgolas DuchnowskiSportowa
8%
CisieŚrodkowa
8%
OkuniewStanisławowska
8%
HalinówStarej Baśni
8%
OkuniewStokrotki
8%
Józefin | Nowy KonikStołeczna
8%
Długa SzlacheckaŚwietlista
8%
Wielgolas BrzezińskiSzafirka
8%
JózefinSzyszkowa
8%
Nowy KonikTerespolska
8%
Długa KościelnaUstronna
8%
JózefinWerbeny
8%
Długa Szlachecka | OkuniewWiosenna
8%
Długa Szlachecka | HalinówWschodnia
8%
JózefinWspólna
8%
OkuniewZabraniecka
8%
HalinówZachodnia
8%
BudziskaZięby
8%
OkuniewZielna
8%
OkuniewŹródlana
8%
BudziskaŻurawia
8%
Długa KościelnaŻyczliwa
8%
OkuniewAfrodyty
0%
KazimierówAgawy
0%
MrowiskaAlpejska
0%
Wielgolas BrzezińskiAzalii
0%
DesnoBabiego lata
0%
OkuniewBanachowska
0%
Wielgolas BrzezińskiBarwinkowa
0%
DesnoBiedronki
0%
Wielgolas BrzezińskiBitwy warszawskiej 1920
0%
OkuniewBliska
0%
Wielgolas BrzezińskiBluszczowa
0%
ZagórzeBobrowa
0%
HipolitówCedrowa
0%
OkuniewChmielna
0%
HipolitówCyprysowa
0%
KazimierówCzarnej porzeczki
0%
GrabinaCzarnuszki
0%
KazimierówCzereśniowa
0%
Nowy KonikCzerska
0%
OkuniewDaleka
0%
KrzewinaDaliowa
0%
ZagórzeDaniela
0%
OkuniewDragonów
0%
ZagórzeDzika
0%
KazimierówDzikiej róży
0%
ZagórzeEcha leśnego
0%
Wielgolas DuchnowskiEkologiczna
0%
KazimierówFigowa
0%
Długa KościelnaForsycji
0%
MichałówGościniec
0%
CisieGwiaździsta
0%
HipolitówHerbaciana
0%
Wielgolas DuchnowskiHistoryczna
0%
OkuniewHusarii
0%
OkuniewInwestorska
0%
HipolitówJałowcowa
0%
BrzezinyJana III Sobieskiego
0%
MichałówJaniny i Stanisława Cudnych
0%
HipolitówJesionowa
0%
ZagórzeJeża
0%
OkuniewJeździecka
0%
CisieJutrzenki
0%
Wielgolas BrzezińskiKaczeńca
0%
OkuniewKaleńska
0%
Wielgolas DuchnowskiKameralna
0%
Nowy KonikKanadyjska
0%
OkuniewKarowa
0%
HalinówKilińskiego
0%
Wielgolas DuchnowskiKomandosów
0%
Nowy KonikKonikowa
0%
Wielgolas DuchnowskiKrajobrazowa
0%
JózefinKsiążęca
0%
Długa SzlacheckaKsiędza Ignacego Jana Skorupki
0%
Wielgolas BrzezińskiKwitnąca
0%
Wielgolas DuchnowskiŁagowska
0%
Wielgolas BrzezińskiLawendy
0%
CisieLeszowa
0%
ZagórzeLisa
0%
JózefinŁodygowa
0%
CisieLokalna
0%
Długa KościelnaMagnolii
0%
HipolitówMahoniowa
0%
JózefinMalwy
0%
OkuniewMaratońska
0%
CisieMetalowa
0%
Długa KościelnaMigdałowa
0%
KazimierówMirabelki
0%
Długa KościelnaMłodości
0%
CisieMłynarska
0%
KazimierówMorelowa
0%
KazimierówMorwy
0%
Wielgolas DuchnowskiNad Mienią
0%
BudziskaNadrzeczna
0%
HalinówNad stawami
0%
Halinów | HipolitówOkrzei
0%
OkuniewOlimpu
0%
KazimierówOliwkowa
0%
HalinówOlszowa
0%
Długa SzlacheckaOsiedlowa
0%
Wielgolas DuchnowskiPanoramiczna
0%
CisiePiaskowa
0%
OkuniewPiwna
0%
CisiePod dębami
0%
MrowiskaPodhalańska
0%
HalinówPogodna
0%
HipolitówPolanki
0%
Długa Kościelna | HalinówPółnocna
0%
OkuniewPołudniowa
0%
KrzewinaPomidorowa
0%
Długa SzlacheckaPoprzeczna
0%
Długa KościelnaPorannej rosy
0%
OkuniewPostępu
0%
Wielgolas DuchnowskiPpor. Witalisa Bramy
0%
JózefinProdukcyjna
0%
OkuniewProjektowania
0%
Długa KościelnaPromienna
0%
HalinówPrzygraniczna
0%
Wielgolas DuchnowskiPrzyjazna
0%
Wielgolas DuchnowskiPrzyrodnicza
0%
OkuniewRattanowa
0%
CisieRodzinna
0%
JózefinRozmarynowa
0%
ZagórzeSarnia
0%
Wielgolas BrzezińskiSasanki
0%
OkuniewSejmowa
0%
OkuniewSłomkowa
0%
OkuniewSłowików
0%
CisieStaropolska
0%
OkuniewStrumykowa
0%
BudziskaStrusia
0%
Wielgolas DuchnowskiStylowa
0%
Kazimierów | MrowiskaŚwiętokrzyska
0%
Wielgolas BrzezińskiSzarotki
0%
MrowiskaTatrzańska
0%
Długa SzlacheckaTrawiasta
0%
CisieTurkusowa
0%
GrabinaTymiankowa
0%
OkuniewUłańska
0%
CisieUrocza
0%
Nowy KonikWenecka
0%
CisieWiatraczna
0%
Nowy KonikWiązowa
0%
OkuniewWiklinowa
0%
Długa SzlacheckaWillowa
0%
JózefinWłasna
0%
OkuniewWodna
0%
CisieWojdówka
0%
HipolitówWrzosowa
0%
OkuniewZacisze
0%
CisieZaciszna
0%
Nowy KonikZapaśników
0%
KazimierówZastawie
0%
OkuniewZduńska
0%
JózefinZgody
0%
BudziskaZimorodka
0%
MrowiskaZłotych gór
0%
KazimierówŻurawinowa
0%

Rozkład punktacji

Percentyl według liczby udzielonych odpowiedzi

Procent ludzi z każdym wynikiem

Twoja historia wyników

Nie rozwiązałeś tego quizu